000 00768nam a2200241 4500
003 OSt
005 20240701032123.0
006 a
008 240701b |||||||| |||| 00| 0 eng d
020 _a9781444137149
040 _aDWCL-Main lib.
_cOC
082 _2Fourth edition
_aCirc. 372.210941 B887e 2011
100 _aBruce, Tina
245 _aEarly childhood education /
250 _aFourth edition
260 _aAbingdon, Oxon ;
_bHodder Education,
_cc2011.
300 _avi,
_b234 p. : col. ill. ;
_c25 cm.
504 _aIncludes bibliographical references & index.
650 _a1. Early childhood education-Great Britain.
650 _a2. Child care-Great Britain.
650 _a3. Child development.
942 _2ddc
_n0
_cBK-CIRC
_eFourth edition
_kCirc.
999 _c1693
_d1693